00692nas a2200169Ia 4500022001400000040000800014082002600022245001900048260006600067500011600133650001900249710003900268856004400307942000700351999001700358952014700375 a0031-949X cOAG a632 AME 1976 A105 Or.00aPhytopathology a[St. Paul, Minn., etc. :bAmerican Phytopathological Society] aDescription based on: Vol. 87, no. 1 (Jan. 1997); title from general information screen (viewed April 22, 2004) 0aPlant diseases2 aAmerican Phytopathological Society40uhttp://apsjournals.apsnet.org/loi/phyto cEK c16158d16158 0010406632_000000000000000_AME_1976_A105_OR70970016aLBAbLBAcA105d2018-01-17o632 AME 1976 A105 Or.pA23971r2018-01-17w2018-01-17yEK